000 00390nam a2200157Ia 4500
008 240729s9999 xx 000 0 und d
022 _a1754-9493
245 0 _aPatient Safety in Surgery
260 _aUnited Kingdom
260 _bBMC
650 _a Surgery
650 _aMedicine
856 _uhttps://doaj.org/toc/e2695a67b05743ce999b095705ebbb16
942 _2ddc
942 _cDOAJEJ
999 _c74528
_d74528
945 _a1
_bMadushi Gamage
_c1
_dMadushi Gamage